000 00672nam a2200229 a 4500
001 BRCA_442
005 20190320203018.0
008 290705s1985----sp-a---###---#000-0#spa-d
020 _a8433584359
041 _aspa
050 4 _aNK4240
_b.B57 1985
100 1 _aGiral, María Dolores
_91513
245 1 0 _aHagamos cerámica
_cMaría Dolores Giral.
250 _a2
260 _aBarcelona
_bLabor
_c1985
300 _a116 p.
_bil.
_c19 cm.
440 0 _aLabor bolsillo juvenil
_v35
_91514
650 1 4 _aCerámica
_xEstudio y enseñanza
_91515
650 1 4 _aCerámica
_xTécnica
_91113
650 1 4 _aCerámica
_xTrabajos juveniles
_y(a partir de 8 años)
_91516
942 _2lcc
_cB
999 _c377
_d377